书目信息 |
| 题名: |
公证在新兴金融领域的应用研究
|
|
| 作者: | 王彬 著 | |
| 分册: | ||
| 出版信息: | 北京 北京大学出版社 2017 |
|
| 页数: | 219页 | |
| 开本: | 23cm | |
| 丛书名: | ||
| 单 册: | ||
| 中图分类: | F832.5 | |
| 科图分类: | ||
| 主题词: | 公证制度--gong zheng zhi du--应用--金融市场--研究--中国 | |
| 电子资源: | ||
| ISBN: | 978-7-301-27888-8 | |
| 000 | 01059nam0 22002291 450 | |
| 001 | 1738586557 | |
| 005 | 20170627164604.0 | |
| 010 | @a978-7-301-27888-8@dCNY42.00 | |
| 100 | @a20170314d2017 em y0chiy50 ea | |
| 101 | 0 | @achi |
| 102 | @aCN@b110000 | |
| 105 | @ay z 000yy | |
| 106 | @ar | |
| 200 | 1 | @a公证在新兴金融领域的应用研究@9gong zheng zai xin xing jin rong ling yu de ying yong yan jiu@f王彬著 |
| 210 | @a北京@c北京大学出版社@d2017 | |
| 215 | @a219页@d23cm | |
| 330 | @a本书立足于经济转型过程中的中国金融市场和职能转型过程中的中国公证服务体系这两大现实背景,围绕公证服务在目前金融市场上的应用领域、公证服务如何服务于金融市场及其服务参与方式和形态、公证服务在参与到金融市场中所发挥的作用、公证服务在金融市场参与中的欠缺之处以及改进建议等问题展开研究,着重对公证在融资租赁、股权投资、信托投资、互联网金融领域的应用可行性进行了探讨。 | |
| 606 | 0 | @a公证制度@9gong zheng zhi du@x应用@x金融市场@x研究@y中国 |
| 690 | @aF832.5@v5 | |
| 701 | 0 | @a王彬@9wang bin@f(1972~)@4著 |
| 801 | 0 | @aCN@bTANGWEI@c20170621 |
| 905 | @b1015375-80@dF832.5@e160@f6 | |
| 公证在新兴金融领域的应用研究/王彬著 .-北京:北京大学出版社,2017 |
| 219页;23cm |
| ISBN 978-7-301-27888-8:CNY42.00 |
| 本书立足于经济转型过程中的中国金融市场和职能转型过程中的中国公证服务体系这两大现实背景,围绕公证服务在目前金融市场上的应用领域、公证服务如何服务于金融市场及其服务参与方式和形态、公证服务在参与到金融市场中所发挥的作用、公证服务在金融市场参与中的欠缺之处以及改进建议等问题展开研究,着重对公证在融资租赁、股权投资、信托投资、互联网金融领域的应用可行性进行了探讨。 |
| ● |
| 相关链接 |
|
|
|
|
正题名:公证在新兴金融领域的应用研究
索取号:F832.5/160
 
预约/预借
| 序号 | 登录号 | 条形码 | 馆藏地/架位号 | 状态 | 备注 |
| 1 | 1015375 | 210153750 | 第一样本阅览室/ [索取号:F832.5/160] | 在馆 | |
| 2 | 1015376 | 210153769 | 教育系资料室/ [索取号:F832.5/160] | 在馆 | |
| 3 | 1015377 | 210153778 | 教育系资料室/ [索取号:F832.5/160] | 在馆 | |
| 4 | 1015378 | 210153787 | 教育系资料室/ [索取号:F832.5/160] | 在馆 | |
| 5 | 1015379 | 210153796 | 第一借阅区/ [索取号:F832.5/160] | 在馆 | |
| 6 | 1015380 | 210153803 | 第一借阅区/ [索取号:F832.5/160] | 在馆 |